00587 2200229 4500001002100000005001500021035002000036007000300056008004100059020001800100082001000118084001600128100002000144245005400164250001000218260003600228300002600264650001600290504002500306990001300331990001300344INLIS00000000000137920180131091343 a0010-0118000197ta180131 f 0 ind  a983-62-4621-5 a297.6 a297.6 SUL s0 aSULAIMAN,Nordin1 aSains menurut perspektif Islam /cSulaiman Nordin acet 1 aMalaysia :bAsni sdn bhd,c1995 axii,270hlm ;c21,5 cm aSAINS ISLAM aBibliografi, Hal 270 a1071 357 a1071357a